Dictionary of Classical and Theoretical Mathematics /

Uloženo v:
Podrobná bibliografie
Hlavní autor: Cavagnaro, Catherine (ed.)
Další autoři: Haight, William T. (edición) (edición)
Médium: Kniha
Jazyk:angličtina
Vydáno: Boca Ratón, EUA : CRC Press, 2001, c2001
Edice:(Comprehensive Dictionary of Mathematics)
Témata:
Tagy: Přidat tag
Žádné tagy, Buďte první, kdo vytvoří štítek k tomuto záznamu!

MARC

LEADER 00000nam^a2200000^a^4500
001 000140607
005 20250521000000.0
009 20260310095547.031
020 |a 1-58488-050-3 
037 |a Acervo ITESO - Biblioteca 
041 |a ING 
082 |a 510. 3  |b COM V. 3 
100 |a Cavagnaro, Catherine  |e (ed.) 
240 1 1 |a [Dictionary of Mathematics] 
245 1 0 |a Dictionary of Classical and Theoretical Mathematics /  |c Ed. de C. Cavagnaro, W.T. Haight. 
264 4 |a Boca Ratón, EUA :  |b CRC Press,  |c 2001, c2001 
300 |a 131 p. 
336 |a texto  |b txt  |2 rdacontenido 
337 |a sin mediación  |b n  |2 rdamedio 
338 |a volumen  |b nc  |2 rdasoporte 
440 1 |a (Comprehensive Dictionary of Mathematics) 
649 |a XX 
650 |a Lógica Matemática -  |x Enciclopedias y Diccionarios 
650 |a Modelos Matemáticos -  |x Enciclopedias y Diccionarios 
650 |a Matemáticas -  |x Enciclopedias y Diccionarios 
650 |a Enciclopedias y Diccionarios 
700 |a Haight, William T.  |e (edición) 
910 |a Fondo General 
920 |a Impresos - Libros 
930 |a Obras de Referencia 
905 |a 102 
901 |a 0500069577  |b IT2  |c REF  |u 20250521 
902 |a https://opac.biblio.iteso.mx/vufind/Record/000140607